Loading...
| Social Science | 0 | 1 | 0 | 0 | 10 | 94 | 94.00 | 0 | 1 |
| Fine Arts - Classical Music | 0 | 1 | 0 | 0 | 10 | 137 | 137.00 | 1 | 1 |
| Fine Arts - Other Fine Arts | 0 | 1 | 0 | 0 | 10 | 43 | 43.00 | 1 | 1 |
| History - Other History | 0 | 1 | 0 | 0 | 10 | 114 | 114.00 | 1 | 1 |
| Science - Other Science | 0 | 1 | 0 | 0 | 10 | 126 | 126.00 | 0 | 1 |
| Current Events | 0 | 1 | 0 | 0 | 10 | 121 | 121.00 | 0 | 1 |
| Philosophy | 0 | 1 | 0 | 0 | 10 | 132 | 132.00 | 0 | 1 |
| Pop Culture | 0 | 1 | 0 | 0 | 10 | 95 | 95.00 | 0 | 1 |
| Religion | 0 | 1 | 0 | 0 | 10 | 76 | 76.00 | 0 | 1 |
| Science - Chemistry | 0 | 1 | 0 | 1 | 10 | 121 | 121.00 | 1 | 1 |
| Science - Physics | 0 | 0 | 0 | 0 | 0 | 0.00 | 0 | 0 | |
| History - World History | 0 | 0 | 1 | 0 | -5 | 0.00 | 0 | 0 |